Movies Quiz

Random Movies or Quick Pick Quiz

George Clooney: 15 Seconds of Fame Quiz Stats

 Plays Quiz not verified by Sporcle

Support Sporcle.
Go Orange.
Score 0/10 Timer 00:15
0 Plays Today
% Correct
Dawn
89.3%
Robin
89.3%
Mind
85.4%
March
84.5%
Clayton
84.5%
Kings
83.5%
Over
80.6%
Cruelty
79.6%
German
77.7%
Monster
71.8%

You're not logged in!

Compare scores with friends on all Sporcle quizzes.
OR
Log In

From the Vault

Same Movie, Different Name

by jmgand01

These movies are truly original, or perhaps seemed so when they were being made.
Remove Ads.
Support Sporcle.
Get the best of Sporcle when you Go Orange. This ad-free experience offers more features, more stats, and more fun while also helping to support Sporcle. Thank you for becoming a member.

Show Comments

Extras

Top Quizzes Today


Score Distribution

Your Account Isn't Verified!

In order to create a playlist on Sporcle, you need to verify the email address you used during registration. Go to your Sporcle Settings to finish the process.

Report this User

Report this user for behavior that violates our Community Guidelines.

Details: